| 000 | 01225nam a22002897a 4500 | ||
|---|---|---|---|
| 005 | 20110608112544.0 | ||
| 008 | 110608t xxu||||| |||| 00| 0 eng d | ||
| 010 | _aENG-102573 | ||
| 020 |
_a9789380502274 _c425.00 |
||
| 035 | _aEN-86106 | ||
| 037 | _bDBAD / PUB | ||
| 040 |
_adpl _bEnglish |
||
| 082 | _a363.32517 | ||
| 100 |
_aPriyedarshi, Vinita _928493 |
||
| 245 |
_aTypology of counter-terrorism strategies : _cby Vinita Priyedarshi. _ba comparative study of India and Israel / |
||
| 260 |
_aNew Delhi _bKW Publishers _c2010 |
||
| 270 |
_a4676/21, First Floor, Ansari Road, Daryaganj _bNew Delhi _e110002 _k91.11.23263498/43528107 |
||
| 300 |
_axv, 150 p. : _c23cm (pbk) _bill., maps |
||
| 500 | _aIncludes bibliographical references (p. [139]-150). | ||
| 650 |
_928496 _aTerrorism _zIndia _xPrevention. |
||
| 650 |
_aTerrorism | _zIsrael _928525 _xPrevention. |
||
| 650 |
_aTerrorism _xGovernment policy _928526 _zIndia |
||
| 650 |
_aTerrorism _xGovernment policy _928527 _zIsrael |
||
| 700 | _928520 | ||
| 942 |
_2ddc _cEN _h363.32517 _mPRI |
||
| 999 |
_c52794 _d52794 |
||